[Event "Mechanics' Spring TNM; 30/90, SD/30"]
[Site "San Francisco"]
[Date "2012.04.17"]
[Round "6.11"]
[White "Melville, Cailen"]
[Black "Watson, Farid"]
[Result "0-1"]
[WhiteElo "1757"]
[BlackElo "2025"]
[PlyCount "94"]
[EventDate "2012.??.??"]

1. d4 Nf6 2. c4 e6 3. Nc3 Bb4 4. f3 c5 5. d5 Bxc3+ 6. bxc3 d6 7. e4 O-O 8. Bd3
Qe7 9. Bg5 h6 10. Bxf6 Qxf6 11. Ne2 Nd7 12. f4 exd5 13. cxd5 c4 14. Bxc4 Nc5
15. e5 dxe5 16. O-O Bg4 17. g3 Bh3 18. Rf3 Bg4 19. Re3 exf4 20. gxf4 Rfe8 21.
Qd2 Ne4 22. Qd4 Bxe2 23. Qxf6 Nxf6 24. Rxe2 Rxe2 25. Bxe2 Nxd5 26. Bf3 Nxf4 27.
Rd1 Rc8 28. Bxb7 Rxc3 29. Rd2 Ra3 30. Rd8+ Kh7 31. Rf8 Kg6 32. Bc6 Ne6 33. Be4+
Kf6 34. Rc8 Rxa2 35. Rc6 a5 36. Bc2 Ke5 37. Bh7 a4 38. Bg8 Ng5 39. h4 Nh3+ 40.
Kh1 Rf2 41. Bh7 Rf4 42. h5 Ng5 43. Bd3 Rf2 44. Bc2 Nf3 45. Rc5+ Kd4 46. Rc4+
Kxc4 47. Bd3+ Kc3 0-1

[Event "Mechanics' Spring TNM; 30/90, SD/30"]
[Site "San Francisco"]
[Date "2012.04.03"]
[Round "4.27"]
[White "Miller, David"]
[Black "Allen, Tom"]
[Result "0-1"]
[WhiteElo "1765"]
[BlackElo "1521"]
[PlyCount "119"]
[EventDate "2012.??.??"]

1. c4 e5 2. g3 Nf6 3. Bg2 d5 4. cxd5 Nxd5 5. Nc3 c6 6. Qb3 Nxc3 7. bxc3 Bd6 8.
d4 Qc7 9. Ba3 O-O 10. Bxd6 Qxd6 11. e3 exd4 12. cxd4 Qe7 13. Rb1 Nd7 14. Ne2
Nb6 15. O-O Be6 16. Qc2 Nd5 17. Nc3 Nxc3 18. Qxc3 Bxa2 19. Rb2 Be6 20. Rfb1 Bc8
21. d5 cxd5 22. Bxd5 Rb8 23. Ra1 b6 24. Rab1 Bb7 25. Bg2 Bxg2 26. Kxg2 Rfc8 27.
Qd3 Qd8 28. Qa6 Qd5+ 29. f3 Qb7 30. Qd3 Rd8 31. Qa3 Rd7 32. Rc2 Rbd8 33. e4
Rd2+ 34. Rxd2 Rxd2+ 35. Kh3 Qd7+ 36. g4 Qd6 37. Qxd6 Rxd6 38. Rc1 Rd8 39. Kg3
Rb8 40. e5 b5 41. f4 Kf8 42. f5 b4 43. Kf4 b3 44. e6 fxe6 45. fxe6 b2 46. Rb1
Ke7 47. Ke4 a5 48. Kd3 a4 49. -- a3 50. Kc2 a2 51. Rxb2 Rxb2+ 52. Kxb2 Kxe6 53.
Kxa2 Ke5 54. Kb3 Kf4 55. h3 Kg3 56. Kc4 Kxh3 57. g5 Kg4 58. g6 h6 59. Kd4 Kg5
60. Ke4 {and B won in a few more moves} 0-1

[Event "Mechanics' Summer TNM; 30/90, SD/30"]
[Site "San Francisco"]
[Date "2012.06.19"]
[Round "5.12"]
[White "Miller, David"]
[Black "Krasnov, Steven"]
[Result "1/2-1/2"]
[WhiteElo "1809"]
[BlackElo "1994"]
[PlyCount "129"]
[EventDate "2012.??.??"]

1. d4 Nf6 2. Nf3 e6 3. Bf4 c5 4. c3 Nc6 5. e3 h6 6. Bd3 Be7 7. Nbd2 O-O 8. O-O
d6 9. Qe2 Re8 10. h3 a6 11. Rad1 cxd4 12. exd4 b5 13. Ne4 Nd5 14. Bc1 f5 15.
Ng3 Nf6 16. Nh2 Bf8 17. Nh5 e5 18. dxe5 Nxe5 19. Nxf6+ Qxf6 20. Qc2 Be6 21.
Rfe1 Nxd3 22. Rxd3 Rac8 23. a3 a5 24. Be3 f4 25. Bd4 Qg6 26. Rxe6 Qxe6 27. Nf3
b4 28. axb4 axb4 29. Qd2 bxc3 30. Bxc3 Qe2 31. Nd4 Qxd2 32. Rxd2 Ra8 33. g3
Ra1+ 34. Kg2 fxg3 35. fxg3 Ree1 36. Rf2 d5 37. Bxe1 Rxe1 38. Re2 Rd1 39. Nf3
Bb4 40. Rf2 d4 41. Rf1 Rd3 42. Rc1 Be7 43. Rc4 Bf6 44. Rc2 Rb3 45. Rd2 Rb4 46.
Ne1 Kf7 47. Kf3 Rb3+ 48. Nd3 Ke6 49. Ke4 Kd6 50. Rc2 Rb7 51. Re2 Re7+ 52. Kf3
Rxe2 53. Kxe2 Kd5 54. b3 Be7 55. Kf3 Bd6 56. h4 Be7 57. h5 Bd6 58. g4 Be7 59.
Nf4+ Kc5 60. Nd3+ Kc6 61. -- Kd5 62. Nf4+ Kc5 63. Nd3+ Kd5 64. Nf4+ Kc5 65.
Nd3+ 1/2-1/2

[Event "Mechanics' Spring TNM; 30/90, SD/30"]
[Site "San Francisco"]
[Date "2012.04.24"]
[Round "7.24"]
[White "Miller, David"]
[Black "Newey, Richard"]
[Result "0-1"]
[WhiteElo "1765"]
[BlackElo "1668"]
[PlyCount "68"]
[EventDate "2012.??.??"]

1. c4 Nf6 2. g3 c5 3. Nc3 Nc6 4. Bg2 g6 5. f4 Bg7 6. Nf3 d6 7. O-O O-O 8. e4
Bg4 9. h3 Bxf3 10. Bxf3 Nd4 11. d3 Nxf3+ 12. Rxf3 a6 13. a4 Qd7 14. g4 Qc6 15.
Nd5 Rfe8 16. Rb1 e6 17. Nxf6+ Bxf6 18. b4 cxb4 19. a5 Bd4+ 20. Kg2 Qc5 21. Qa4
Bc3 22. Bb2 d5 23. Bxc3 dxe4 24. dxe4 bxc3 25. Rxb7 Red8 26. Rf2 Rd2 27. Rxd2
cxd2 28. Qd1 Rd8 29. Rb2 Qe3 30. f5 Qxe4+ 31. Kf1 Qd3+ 32. Kg2 e5 33. fxg6 hxg6
34. Rb6 e4 0-1

[Event "Mechanics' Spring TNM; 30/90, SD/30"]
[Site "San Francisco"]
[Date "2012.03.13"]
[Round "1.4"]
[White "Miller, David"]
[Black "Rumph, Todd"]
[Result "0-1"]
[WhiteElo "1765"]
[BlackElo "2183"]
[Annotator "Donaldson"]
[PlyCount "46"]
[EventDate "2012.??.??"]

1. d4 Nf6 2. Nf3 d5 3. Bf4 c5 4. c3 Nc6 5. Nbd2 e6 6. e3 Be7 7. dxc5 Bxc5 8.
Bd3 O-O 9. O-O Qe7 10. Ne5 Rd8 11. Qe2 Nxe5 12. Bxe5 Bd6 13. Bxd6 Qxd6 14. e4
e5 15. exd5 Bg4 $1 16. f3 Qxd5 17. Bxh7+ $4 (17. Ne4 $15) 17... Kxh7 18. fxg4
Qxd2 19. Qxe5 Rd5 20. Qe7 Rd7 21. Qb4 Re8 22. Qb5 Rd5 23. Qxb7 Re2 0-1

[Event "Mechanics' Summer TNM; 30/90, SD/30"]
[Site "San Francisco"]
[Date "2012.06.12"]
[Round "4.18"]
[White "Miller, David"]
[Black "Standen, Julian"]
[Result "1/2-1/2"]
[WhiteElo "1809"]
[BlackElo "1637"]
[PlyCount "107"]
[EventDate "2012.??.??"]

1. c4 c6 2. d4 d5 3. cxd5 cxd5 4. Nf3 Nc6 5. Bf4 Nf6 6. Nc3 a6 7. e3 Bf5 8. Bd3
Bxd3 9. Qxd3 e6 10. O-O Bd6 11. Bxd6 Qxd6 12. Nd2 O-O 13. f4 g6 14. Qe2 h5 15.
h3 Kg7 16. g4 hxg4 17. hxg4 Rh8 18. Kg2 Rh7 19. Rh1 Rah8 20. g5 Nd7 21. Rxh7+
Rxh7 22. Rh1 Ne7 23. Rxh7+ Kxh7 24. Kf3 Nf5 25. Qh2+ Kg7 26. Nf1 Qb4 27. Ng3
Nxg3 28. Kxg3 Qc4 29. Qd2 b5 30. b3 Qc7 31. Nd1 Nb6 32. Nf2 Nd7 33. Ng4 Kf8 34.
Qh2 Qc1 35. Qh8+ Ke7 36. Qh2 Qc3 37. Kf3 Qd3 38. Qe2 Qc3 39. Nf2 Nb6 40. Nd3
Nd7 41. Qd1 a5 42. Ke2 b4 43. Qc1 Qxc1 44. Nxc1 Nb8 45. Nd3 Nc6 46. Ne5 Nxe5
47. dxe5 Kd7 48. Kd3 Kc7 49. e4 Kc6 50. exd5+ Kxd5 51. Ke3 Kc5 52. Ke4 Kc6 53.
Kd3 Kd5 54. Ke3 1/2-1/2

[Event "Mechanics' Fall TNM; 30/90, SD/30"]
[Site "San Francisco"]
[Date "2012.10.23"]
[Round "2.13"]
[White "Milliken, William"]
[Black "Gaffagan, Steven"]
[Result "1/2-1/2"]
[WhiteElo "1612"]
[BlackElo "2070"]
[PlyCount "41"]
[EventDate "2012.??.??"]

1. e4 c5 2. d4 cxd4 3. c3 Nf6 4. e5 Nd5 5. Nf3 e6 6. Bc4 dxc3 7. Bxd5 cxb2 8.
Bxb2 Bb4+ 9. Ke2 exd5 10. Qxd5 Nc6 11. Na3 b6 12. Rac1 Ba6+ 13. Nb5 O-O 14. a4
Qe7 15. Rhd1 Rad8 16. Rc4 Na5 17. Rc7 Rc8 18. Rdc1 Rxc7 19. Rxc7 Ba3 20. Bc3
Bb4 21. Bb2 1/2-1/2

[Event "Mechanics' Winter TNM; 30/90, SD/30"]
[Site "San Francisco"]
[Date "2012.01.03"]
[Round "1.2"]
[White "Milliken, William"]
[Black "Rumph, Todd"]
[Result "0-1"]
[WhiteElo "1616"]
[BlackElo "2168"]
[PlyCount "60"]
[EventDate "2012.??.??"]

1. e4 e5 2. Nf3 Nc6 3. d4 exd4 4. c3 d5 5. exd5 Qxd5 6. Be2 Bg4 (6... Bf5 7.
cxd4 Bxb1 8. Rxb1 Bb4+ 9. Bd2 Bxd2+ 10. Qxd2 Nge7 11. O-O Rd8) 7. cxd4 Bb4+ 8.
Nc3 Bxf3 9. Bxf3 Qc4 10. Bxc6+ Qxc6 11. O-O Ne7 12. Re1 O-O 13. Be3 Nd5 14. Rc1
Bxc3 15. bxc3 b5 16. Qc2 Qc4 17. Qb3 Rab8 18. Bd2 f6 19. Rb1 Rb6 20. h3 Rfb8
21. Rec1 Re8 22. Re1 Reb8 23. Rec1 a5 24. g3 a4 25. Qc2 Re8 26. Be3 Nxe3 27.
fxe3 Rxe3 28. Rb2 Rbe6 29. Qg2 c6 30. Rb4 Qd3 0-1

[Event "Mechanics' Mar TNM; 30/90, SD/30"]
[Site "San Francisco"]
[Date "2012.08.21"]
[Round "4.9"]
[White "Moore, Randolph"]
[Black "Andries, Craig"]
[Result "1-0"]
[WhiteElo "1647"]
[BlackElo "1919"]
[PlyCount "103"]
[EventDate "2012.??.??"]

1. d4 g6 2. e4 d6 3. Be3 Bg7 4. Bc4 c5 5. Ne2 Nc6 6. Nbc3 Qb6 7. Nd5 Qd8 8. Qd2
cxd4 9. Nxd4 Ne5 10. Be2 Nf6 11. Nxf6+ Bxf6 12. f3 Bd7 13. Bh6 Qb6 14. c3 Rc8
15. Be3 Nc4 16. Bxc4 Rxc4 17. Nb3 Qc7 18. O-O O-O 19. Bd4 e5 20. Be3 a5 21. Nc1
Be6 22. Qf2 Rc6 23. Rd1 b5 24. Nd3 Rb8 25. a3 Rc4 26. Kh1 Bg7 27. Kg1 f5 28.
exf5 gxf5 29. f4 e4 30. Ne1 d5 31. Nc2 Qf7 32. Kh1 Bf6 33. Kg1 Qe7 34. Kh1 Bh4
35. g3 Bf6 36. Nd4 Bd7 37. Kg1 Qf7 38. Kh1 Be7 39. Nc2 Bc6 40. Kg1 h5 41. Kh1
Kh7 42. Rg1 Rg8 43. Nd4 Bd7 44. Nb3 a4 45. Nd4 Rg6 46. Rg2 Rc8 47. Rag1 Rcg8
48. Nc2 Bc8 49. Bd4 Bb7 50. Ne3 Bd6 51. Qe2 Re6 52. Qf2 {and White won} 1-0

[Event "Mechanics' Mar TNM; 30/90, SD/30"]
[Site "San Francisco"]
[Date "2012.08.14"]
[Round "3.13"]
[White "Moore, Randolph"]
[Black "Royzen, Igor"]
[Result "1-0"]
[WhiteElo "1647"]
[BlackElo "1874"]
[PlyCount "29"]
[EventDate "2012.??.??"]

1. d4 d5 2. e4 c6 3. exd5 cxd5 4. Bd3 Nc6 5. c3 Nf6 6. h3 e5 7. Bg5 Bd6 8. Ne2
h6 9. Be3 Be6 10. Nd2 Qd7 11. Nf1 Rc8 12. Nfg3 Na5 13. dxe5 Bxe5 14. f4 Nc4 15.
Bxc4 1-0

[Event "Mechanics' Winter TNM; 30/90, SD/30"]
[Site "San Francisco"]
[Date "2012.02.14"]
[Round "7.26"]
[White "Morgan, Jerry"]
[Black "Cowgill, Jackie"]
[Result "1-0"]
[WhiteElo "1447"]
[BlackElo "848"]
[PlyCount "52"]
[EventDate "2012.??.??"]

1. f4 d5 2. Nf3 Nc6 3. e3 Nf6 4. Bb5 Qd6 5. b3 Bd7 6. Bxc6 Bxc6 7. Ne5 Qe6 8.
Bb2 g6 9. O-O Bg7 10. d3 O-O 11. Nd2 b5 12. Ndf3 Ng4 13. Qe1 Nxe5 14. Bxe5 f6
15. Bb2 Bb7 16. Nd4 Qd7 17. f5 gxf5 18. Nxf5 Qc6 $4 19. Nxe7+ Kf7 20. Nxc6 Bxc6
21. Qg3 Rae8 22. Qxc7+ Kg8 23. Qxc6 Rxe3 24. Qxd5+ Rf7 25. Bxf6 Bxf6 26. Rxf6
Ree7 1-0

[Event "Mechanics' Winter TNM; 30/90, SD/30"]
[Site "San Francisco"]
[Date "2012.01.17"]
[Round "3.27"]
[White "Morgan, Jerry"]
[Black "Harris, Clarence"]
[Result "1-0"]
[WhiteElo "1447"]
[BlackElo "1336"]
[PlyCount "81"]
[EventDate "2012.??.??"]

1. f4 d5 2. Nf3 Nc6 3. e3 Nf6 4. Bb5 Bd7 5. b3 e6 6. Bb2 Be7 7. O-O O-O 8. Bxc6
Bxc6 9. Ne5 Bd7 10. d3 c5 11. Nd2 Rc8 12. Ndf3 Be8 13. Qe1 Nd7 14. Qg3 d4 15.
e4 Nb8 16. Rae1 b5 17. Re2 a5 18. Qh3 f6 19. Ng4 h5 20. Nf2 Bf7 21. g4 Qe8 22.
gxh5 Bxh5 23. Qxe6+ Qf7 24. Qxf7+ Rxf7 25. Nh3 Bd6 26. Rg2 g6 27. Nh4 Rg7 28.
c3 Nc6 29. Kh1 dxc3 30. Bxc3 b4 31. Bxf6 Rf7 32. Bb2 Nd4 33. Nxg6 Rg7 34. Bxd4
cxd4 35. f5 Bxg6 36. Rxg6 Rxg6 37. fxg6 Rf8 38. Rf5 Bc7 39. Ng5 Rxf5 40. exf5
Be5 41. Ne6 1-0

[Event "Mechanics' Winter TNM; 30/90, SD/30"]
[Site "San Francisco"]
[Date "2012.02.07"]
[Round "6.5"]
[White "Morgan, Jerry"]
[Black "Ochoa, Jason"]
[Result "0-1"]
[WhiteElo "1447"]
[BlackElo "1906"]
[PlyCount "90"]
[EventDate "2012.??.??"]

1. f4 g6 2. Nf3 Bg7 3. c3 c5 4. e4 Nf6 5. d3 O-O 6. Be3 d6 7. Nbd2 Nc6 8. Qc2
Ng4 9. Bg1 Be6 10. h3 Nf6 11. g4 a5 12. f5 Bd7 13. Bh2 a4 14. Nc4 b5 15. Ne3 b4
16. a3 Na5 17. Bg2 b3 18. Qd2 c4 19. e5 dxe5 20. Nxe5 Bb5 21. d4 Rc8 22. O-O-O
Qb6 23. Nd5 Nxd5 24. Bxd5 Rcd8 25. Qg2 e6 26. Be4 f6 27. Nxg6 hxg6 28. fxe6
Qxe6 29. Bxg6 Bc6 30. Bf5 Bh6+ 31. Kb1 Bxg2 32. Bxe6+ Kg7 33. Rhg1 Be4+ 34. Ka1
Nb7 35. Bxc4 Nd6 36. Be6 Rfe8 37. d5 Bc2 38. Rde1 Nc4 39. h4 Bd2 40. g5 Bxe1
41. gxf6+ Kxf6 42. Rf1+ Kg6 43. Bc7 Rxe6 44. Bxd8 Re2 45. Bf6 Be4 0-1

[Event "Mechanics' Mar TNM; 30/90, SD/30"]
[Site "San Francisco"]
[Date "2012.08.21"]
[Round "4.11"]
[White "Morton, Adam"]
[Black "Allen, Tom"]
[Result "1-0"]
[WhiteElo "1891"]
[BlackElo "1459"]
[PlyCount "59"]
[EventDate "2012.??.??"]

1. d4 Nf6 2. c4 e5 3. dxe5 Ng4 4. e4 Nxe5 5. f4 Nec6 6. Be3 g6 7. Nf3 Bg7 8.
Qd2 d6 9. Nc3 O-O 10. h3 Nd7 11. O-O-O b6 12. Be2 Bb7 13. e5 Nc5 14. Qe1 Qe7
15. Nd5 Qe6 16. Nxc7 Qf5 17. Ng5 dxe5 18. g4 Qf6 19. Nd5 Qd8 20. Bf3 Nd4 21.
Bg2 Rc8 22. fxe5 Bxe5 23. Rxd4 Bxd4 24. Qh4 h5 25. Bxd4 Bxd5 26. Bxd5 Nd3+ 27.
Kb1 Nf4 28. gxh5 Nxh5 29. Rg1 Rc5 30. Qxh5 1-0

[Event "Mechanics' Spring TNM; 30/90, SD/30"]
[Site "San Francisco"]
[Date "2012.04.24"]
[Round "7.10"]
[White "Morton, Adam"]
[Black "Anderson, Michael"]
[Result "1-0"]
[WhiteElo "1849"]
[BlackElo "1908"]
[PlyCount "53"]
[EventDate "2012.??.??"]

1. d4 Nf6 2. c4 g6 3. Nc3 Bg7 4. e4 d6 5. f3 O-O 6. Nge2 c5 7. Be3 Nc6 8. Qd2
Na5 9. b3 cxd4 10. Nxd4 Nc6 11. Be2 Qa5 12. O-O Qh5 13. Nd5 Nxd5 14. cxd5 Nxd4
15. Bxd4 Be5 16. Bxe5 Qxe5 17. Rac1 f5 18. Rc4 f4 19. Rfc1 Qg5 20. Kh1 h5 21.
Bf1 h4 22. Rc7 Kf7 23. Qb2 Qh5 24. Rxe7+ Kxe7 25. Qg7+ Rf7 26. Rc7+ Kd8 27.
Rxf7 1-0

[Event "Mechanics' Fall TNM; 30/90, SD/30"]
[Site "San Francisco"]
[Date "2012.11.13"]
[Round "5.5"]
[White "Morton, Adam"]
[Black "Byambaa, Uyanga"]
[Result "0-1"]
[WhiteElo "1894"]
[BlackElo "2093"]
[Annotator "Donaldson"]
[PlyCount "70"]
[EventDate "2012.??.??"]

1. d4 Nf6 2. c4 g6 3. Nc3 Bg7 4. e4 d6 5. f3 O-O 6. Nge2 c5 7. d5 e6 8. Ng3
exd5 9. cxd5 Nbd7 10. Be2 a6 11. a4 Ne5 (11... h5 $5) 12. O-O Qa5 (12... h5 $5)
13. f4 Ned7 14. Bd2 Qb6 15. Bc4 (15. a5 Qc7) 15... h5 16. h3 Re8 17. Re1 h4 18.
Nh1 Nh5 19. Ra3 Bd4+ 20. Kh2 Ndf6 21. Rb3 Qd8 22. Qf3 b6 23. Bd3 Nh7 24. Ne2
Bg7 25. Nf2 Ra7 26. Bc3 N7f6 27. Ra3 Rae7 28. Bd2 Bb7 29. Ra2 Qa8 30. Nc3 (30.
f5) 30... Nxd5 31. f5 Nb4 32. Bc4 d5 33. Nxd5 Bxd5 34. exd5 Rxe1 35. Bxe1 Rxe1
(35... Qb8+) 0-1

[Event "Mechanics' Winter TNM; 30/90, SD/30"]
[Site "San Francisco"]
[Date "2012.02.21"]
[Round "8.7"]
[White "Morton, Adam"]
[Black "Byambaa, Uyanga"]
[Result "1-0"]
[WhiteElo "1849"]
[BlackElo "2027"]
[PlyCount "73"]
[EventDate "2012.??.??"]

1. d4 Nf6 2. c4 g6 3. Nc3 Bg7 4. e4 d6 5. f3 O-O 6. Nge2 Nc6 7. Bg5 h6 8. Be3
e5 9. d5 Ne7 10. g4 c6 11. Ng3 cxd5 12. cxd5 Qa5 13. Qd2 Kh7 14. Nb5 Qxd2+ 15.
Kxd2 Ne8 16. Rc1 f5 17. gxf5 gxf5 18. Nh5 Rf7 19. Nxa7 Bd7 20. Nxg7 Rxg7 21. a3
fxe4 22. fxe4 Nf6 23. Bd3 Rg2+ 24. Kc3 Kh8 25. Kb3 Ng4 26. Bb6 Nf2 27. Rc2 Nxd3
28. Rxg2 Nc5+ 29. Bxc5 dxc5 30. Kc4 Rxa7 31. Kxc5 Nc8 32. Rf1 b6+ 33. Kb4 Nd6
34. Rf6 Kh7 35. Rxd6 Ra4+ 36. Kc3 Rxe4 37. Rxd7+ 1-0

[Event "Mechanics' Mar TNM; 30/90, SD/30"]
[Site "San Francisco"]
[Date "2012.09.25"]
[Round "9.7"]
[White "Morton, Adam"]
[Black "Chernobilskiy, Mikhail"]
[Result "1-0"]
[WhiteElo "1891"]
[BlackElo "1855"]
[PlyCount "49"]
[EventDate "2012.??.??"]

1. d4 f5 2. Nc3 Nf6 3. Bg5 Ne4 4. Nxe4 fxe4 5. e3 d5 6. h4 Qd6 7. c3 e5 8. dxe5
Qe6 9. g3 Qg8 10. Ne2 Nd7 11. e6 Ne5 12. Qa4+ c6 13. O-O-O Nd3+ 14. Rxd3 exd3
15. Nd4 d2+ 16. Kxd2 Bxe6 17. Nxc6 Bd7 18. Bb5 Qf7 19. Ne5 Qxf2+ 20. Kc1 Bc5
21. Bxd7+ Kf8 22. Qf4+ Qxf4 23. Bxf4 Bd6 24. Rf1 Ke7 25. Bg5# 1-0

[Event "Mechanics' Summer TNM; 30/90, SD/30"]
[Site "San Francisco"]
[Date "2012.05.22"]
[Round "1.19"]
[White "Morton, Adam"]
[Black "Graeber, Marie"]
[Result "1-0"]
[WhiteElo "1878"]
[BlackElo "1424"]
[PlyCount "145"]
[EventDate "2012.??.??"]

1. d4 d5 2. c4 c6 3. Nc3 Nf6 4. e3 g6 5. Nf3 Bg7 6. b3 Bg4 7. h3 Bxf3 8. Qxf3
O-O 9. Bd3 e6 10. O-O Nbd7 11. Bb2 Re8 12. Rfd1 Qe7 13. e4 dxe4 14. Nxe4 Nxe4
15. Bxe4 Nf6 16. Bd3 Rad8 17. Bf1 Nd7 18. Re1 Qf6 19. Qxf6 Nxf6 20. Rad1 a6 21.
g3 Nd7 22. Bg2 Nb6 23. Bc3 Nd7 24. Bb4 Nf6 25. Ba5 Rb8 26. Bc7 Rbc8 27. Bd6 Bf8
28. Bf4 Nh5 29. Bg5 h6 30. Bc1 Nf6 31. f4 Rcd8 32. Kf2 Bb4 33. Re3 Nd7 34. Red3
Nf6 35. Bb2 Be7 36. Bc3 Rb8 37. Bf3 Nd7 38. Kg2 f5 39. d5 exd5 40. cxd5 Nc5 41.
Re3 Rbd8 42. Rde1 Ne4 43. Bxe4 Bc5 44. R3e2 fxe4 45. dxc6 bxc6 46. Rxe4 Rxe4
47. Rxe4 Kf7 48. g4 Re8 49. Rxe8 Kxe8 50. Kf3 Ke7 51. Ke4 Bd6 52. Be5 Bc5 53.
Kd3 Ke6 54. Kc4 Ba3 55. Kd4 Bb4 56. Ke4 Kf7 57. f5 gxf5+ 58. gxf5 h5 59. Bb2 a5
60. Kf4 Bd2+ 61. Ke5 Bb4 62. Bd4 Be7 63. Kf4 Bd8 64. Bc3 Bb6 65. Kg5 a4 66.
Kxh5 axb3 67. axb3 Be3 68. Be5 Bd2 69. Kg4 Bh6 70. Bf4 Bg7 71. Bg5 Be5 72. h4
Bh8 73. h5 1-0

[Event "Mechanics' Summer TNM; 30/90, SD/30"]
[Site "San Francisco"]
[Date "2012.06.26"]
[Round "6.17"]
[White "Morton, Adam"]
[Black "Jacokes, Brian"]
[Result "0-1"]
[WhiteElo "1878"]
[BlackElo "1576"]
[PlyCount "106"]
[EventDate "2012.??.??"]

1. d4 Nf6 2. c4 g6 3. Nc3 Bg7 4. e4 d6 5. f3 O-O 6. Nge2 c5 7. d5 e6 8. Ng3
exd5 9. cxd5 Nbd7 10. Be2 a6 11. a4 Ne5 12. O-O Qc7 13. f4 Ned7 14. Kh1 h5 15.
Bf3 Rb8 16. Qe2 h4 17. e5 hxg3 18. exf6 Bxf6 19. hxg3 Kg7 20. Kg1 c4 21. Ne4
Re8 22. Qf2 Rxe4 23. Bxe4 Nc5 24. Bc2 Bg4 25. Be3 Nd3 26. Bxd3 cxd3 27. Bd4 Qc4
28. Bxf6+ Kxf6 29. b3 Qxd5 30. Qb2+ Kf5 31. Rae1 Rc8 32. Rf2 f6 33. Rd2 Qc5+
34. Rf2 Qb6 35. a5 Qa7 36. Qd2 Qd4 37. Qe3 Qxe3 38. Rxe3 Rc1+ 39. Kh2 Rd1 40.
b4 d5 41. Rb2 d4 42. Re7 d2 43. b5 Rh1+ 44. Kxh1 d1=Q+ 45. Kh2 Qc1 46. bxa6
bxa6 47. Rb6 Qc4 48. Ra7 Be2 49. Kh3 g5 50. fxg5 fxg5 51. Kh2 Bf1 52. Kg1 Kg4
53. Rg6 Qe2 0-1

[Event "Mechanics' Spring TNM; 30/90, SD/30"]
[Site "San Francisco"]
[Date "2012.03.27"]
[Round "3.9"]
[White "Morton, Adam"]
[Black "Klinetobe, David"]
[Result "0-1"]
[WhiteElo "1849"]
[BlackElo "2053"]
[PlyCount "126"]
[EventDate "2012.??.??"]

1. d4 Nf6 2. c4 e6 3. Nf3 b6 4. g3 Ba6 5. b3 Bb4+ 6. Bd2 Be7 7. Bg2 c6 8. O-O
d5 9. Qc2 O-O 10. cxd5 cxd5 11. Bf4 Nbd7 12. Rc1 Ne8 13. Qd1 Rc8 14. Nbd2 Ba3
15. Rxc8 Qxc8 16. e4 Nef6 17. Ne1 dxe4 18. Nc2 Bb2 19. Rb1 Be2 20. Qxe2 Qxc2
21. Bxe4 Nxe4 22. Qxe4 Qxe4 23. Nxe4 Bxd4 24. Rd1 Ne5 25. Kg2 Nc6 26. b4 e5 27.
b5 Nb4 28. Rd2 Rc8 29. Nd6 Rc2 30. Rxc2 Nxc2 31. Bd2 Na3 32. Bb4 Bc5 33. Bxa3
Bxa3 34. Nc8 f5 35. Nxa7 Kf7 36. f3 Ke6 37. Kf2 Kd5 38. Ke3 g5 39. Nc6 Bc5+ 40.
Kd3 e4+ 41. fxe4+ fxe4+ 42. Kc3 g4 43. a4 Bg1 44. Nb4+ Kd6 45. Kc4 Bxh2 46. Nd5
e3 47. Nxe3 h5 48. Nf1 Bg1 49. Nd2 Ke5 50. Kd3 Bf2 51. Nf1 Be1 52. Ke2 Bc3 53.
Kd3 Be1 54. Ke2 Bb4 55. Kd3 Kf5 56. Ne3+ Kg5 57. Nd5 Bc5 58. Nf4 Bf2 59. Ne2 h4
60. gxh4+ Kxh4 61. Ke4 Kh3 62. Kf4 Be1 63. Ng1+ Kh2 0-1

[Event "Mechanics' Spring TNM; 30/90, SD/30"]
[Site "San Francisco"]
[Date "2012.04.10"]
[Round "5.8"]
[White "Morton, Adam"]
[Black "Krasnov, Steven"]
[Result "1-0"]
[WhiteElo "1849"]
[BlackElo "2033"]
[PlyCount "134"]
[EventDate "2012.??.??"]

1. d4 d5 2. c4 e6 3. Nc3 Be7 4. Bf4 Nf6 5. Qc2 O-O 6. O-O-O a6 7. e3 dxc4 8. e4
b5 9. d5 Bd7 10. g4 exd5 11. e5 Ne8 12. Nxd5 Bg5 13. Nh3 Bxf4+ 14. Nhxf4 c6 15.
Ne3 Qg5 16. Qe4 f5 17. gxf5 Bxf5 18. Qd4 Bd7 19. Neg2 Nc7 20. Kb1 Bf5+ 21. Ka1
Nd7 22. Qd6 Rac8 23. e6 Nb8 24. h4 Qf6 25. Re1 Rfd8 26. Qc5 Nxe6 27. Nxe6 Bxe6
28. Ne3 Rd2 29. Qb4 Rcd8 30. Be2 c5 31. Qc3 Nc6 32. Rhg1 Kf7 33. Qc1 Nd4 34.
Bd1 Rd3 35. Rg5 Nf5 36. Ng4 Qd4 37. Bc2 h6 38. Ne5+ Kf8 39. Rg4 Qd6 40. Bxd3
cxd3 41. Qd2 Nd4 42. Rxd4 cxd4 43. Qxd3 Kg8 44. f4 Qd5 45. b3 Rf8 46. Ng6 Bf5
47. Ne7+ Kh7 48. Qg3 Qc5 49. Kb2 Qc2+ 50. Ka3 a5 51. Nxf5 b4+ 52. Ka4 Qxa2+ 53.
Kb5 Rxf5+ 54. Re5 Rxe5+ 55. fxe5 Qe2+ 56. Kxa5 d3 57. Qf4 Kg8 58. Qc4+ Kh7 59.
e6 Qe5+ 60. Kxb4 Qd6+ 61. Kc3 d2 62. Qe4+ Kg8 63. e7 Qxe7 64. Qc4+ Qf7 65.
Qxf7+ Kxf7 66. Kxd2 Ke6 $2 (66... Kf6 {draws}) 67. h5 {the only winning move}
Kd5 1-0

[Event "Mechanics' Fall TNM; 30/90, SD/30"]
[Site "San Francisco"]
[Date "2012.10.16"]
[Round "1.19"]
[White "Morton, Adam"]
[Black "Lazaro, Fernando"]
[Result "1-0"]
[WhiteElo "1894"]
[BlackElo "1266"]
[PlyCount "53"]
[EventDate "2012.??.??"]

1. d4 d5 2. c4 c6 3. Nc3 Nf6 4. e3 e6 5. Nf3 Be7 6. Qc2 O-O 7. Ne5 Nbd7 8. f4
Nxe5 9. fxe5 Nd7 10. Bd3 f5 11. exf6 Nxf6 12. O-O dxc4 13. Bxc4 Nd5 14. Bd2 b5
15. Bd3 Nf6 16. Ne4 g6 17. Qxc6 Bd7 18. Nxf6+ Bxf6 19. Qc5 a6 20. Bb4 Rc8 21.
Qxf8+ Qxf8 22. Bxf8 Rxf8 23. Rac1 Rf7 24. Rc7 Kg7 25. g4 h6 26. h4 g5 27. h5
1-0

[Event "Mechanics' Summer TNM; 30/90, SD/30"]
[Site "San Francisco"]
[Date "2012.06.05"]
[Round "3.14"]
[White "Morton, Adam"]
[Black "Mar, Henry"]
[Result "1-0"]
[WhiteElo "1878"]
[BlackElo "1505"]
[Annotator "Donaldson"]
[PlyCount "105"]
[EventDate "2012.??.??"]

1. d4 Nf6 2. c4 e6 3. Nc3 Bb4 4. e3 O-O 5. Bd3 d5 6. Nge2 c5 7. O-O cxd4 8.
exd4 Nc6 9. a3 Bxc3 10. bxc3 Na5 11. c5 b6 12. cxb6 axb6 13. Bg5 Ba6 14. Bc2 h6
15. Bh4 Rc8 16. Rc1 g6 17. Re1 Bxe2 18. Qxe2 Kg7 (18... Rxc3 19. Qd2 Rc6 20.
Qxh6 Ng4 $11) 19. Qf3 Nc4 20. Qg3 Nh5 21. Qg4 Nf6 22. Qg3 Nh5 23. Bxd8 Nxg3 24.
Be7 Rfe8 25. Bb4 Nh5 26. Ba4 Rg8 27. Bb5 Nf4 28. Rcd1 g5 29. g3 Ng6 30. Re2 Ra8
31. Bxc4 dxc4 32. d5 exd5 33. Rxd5 Rge8 34. Kf1 Rxe2 35. Kxe2 Re8+ 36. Kf1 Ne5
37. Bd6 Nf3 38. g4 f6 39. Bc7 $2 (39. Kg2) 39... Re1+ 40. Kg2 Nh4+ 41. Kh3 Ng6
$2 (41... Rc1 $1 $17) 42. Rd7+ Re7 43. Rxe7+ Nxe7 44. Bxb6 Nd5 45. Bd4 Kf7 46.
Kg3 Nf4 47. Kf3 Ke7 48. a4 Nd5 49. Ke4 Ke6 50. a5 Nc7 51. Be3 Nb5 52. a6 Nc7
53. a7 1-0

[Event "Mechanics' Winter TNM; 30/90, SD/30"]
[Site "San Francisco"]
[Date "2012.01.31"]
[Round "5.7"]
[White "Morton, Adam"]
[Black "McCann, Jeff"]
[Result "0-1"]
[WhiteElo "1849"]
[BlackElo "2058"]
[Annotator "Donaldson"]
[PlyCount "46"]
[EventDate "2012.??.??"]

1. d4 Nf6 2. c4 e6 3. Nf3 h6 (3... b6 4. g3 Bb7 5. Bg2 c5 6. d5 exd5 7. Nh4 g6
8. Nc3 Bg7 9. O-O O-O 10. Bg5) 4. g3 b6 5. Bg2 Bb7 6. O-O c5 7. d5 exd5 8. Nh4
g6 9. Nc3 Bg7 10. Re1 (10. Nxd5 Nxd5 11. Bxd5 (11. cxd5 O-O 12. e4 d6 $3) 11...
Bxd5 12. Qxd5 Nc6 13. Rb1 Qe7 14. Bd2 $11) (10. Nb5 $1 O-O (10... d6 11. Bf4
Bf8 12. Qd3 Be7 13. Nxg6) 11. Nd6 $16) 10... O-O 11. Nxd5 Nxd5 12. Bxd5 Bxd5
13. Qxd5 Nc6 14. Rd1 (14. Nxg6 Nb4) 14... Re8 15. Kf1 Qf6 16. a4 Qe6 17. Qxe6
dxe6 18. Rb1 Red8 19. Rxd8+ Rxd8 20. Ke1 Na5 21. b3 Bc3+ 22. Kf1 Rd1+ 23. Kg2
Bd2 0-1